| 000 | 00482nam a22001817a 4500 | ||
|---|---|---|---|
| 999 |
_c4156 _d4156 |
||
| 003 | OSt | ||
| 005 | 20191122120053.0 | ||
| 008 | 160525b xxu||||| |||| 00| 0 eng d | ||
| 020 | _a9780141035963 | ||
| 040 | _c040a | ||
| 082 |
_aQW 160 _bL535h 2006 |
||
| 100 |
_aDrayson, Nicholas _98962 |
||
| 245 | _aA Guide to the Birds of East Africa | ||
| 260 |
_aLondon; _bPenguin books, _c2006 |
||
| 300 |
_a202p _bill : _c8 cm. |
||
| 650 |
_aEast African birds _98964 |
||
| 942 |
_2ddc _cO_SHELF |
||